Squadre Serie A 2025-26 - Statistics

Statistiche generali
  • Questo quiz è stato fatto 65 volte
  • Il punteggio medio è 20 su 20
Statistiche sulle risposte
con Immagini Risposta % Corretto
Como
100%
Atalanta
98%
Bologna
98%
Cagliari
98%
Cremonese
98%
Fiorentina
98%
Genoa
98%
Inter
98%
Lazio
98%
Milan
98%
Napoli
98%
Parma
98%
Roma
98%
Sassuolo
98%
Torino
98%
Udinese
98%
Hellas Verona
97%
Juventus
97%
Lecce
97%
Pisa
95%
Nessun quiz corrispondente trovato
Distribuzione punteggi
Percentuale di utenti per punteggio
Percentile per numero di risposta
I tuoi punteggi nel tempo
Non hai fatto questo quiz